| 000 | 00416aam a2200157 4500 | ||
|---|---|---|---|
| 005 | 20161115135847.0 | ||
| 008 | 150608b xxu||||| |||| 00| 0 spa d | ||
| 041 | _aEspañol | ||
| 082 | _a972.86 A345o | ||
| 245 | _aEl album de Figueroa: un viaje por las páginas del tiempo | ||
| 260 |
_aCosta Rica _bEUNED _c2011 |
||
| 300 | _a256 páginas | ||
| 650 |
_aCOSTA RICA _931583 |
||
| 650 |
_aHISTORIA _943 |
||
| 942 | _cBK | ||
| 999 |
_c2711 _d2711 |
||